• 首页
  • 本馆介绍
  • 公告通知
  • 最新文献
  • 馆藏检索
  • 电子资源
  • 读者导购
  • 参考咨询
  • 我的图书馆
  • 登录
  • 详细信息显示
  • 放入我的书架
  • 预约/预借图书
  • 作者相关作品
  • 分类相关作品
  • 丛书相关作品
  • 出版社相关作品

书目信息

  • 表格格式
  • 工作单格式
  • 卡片格式
题名:
光纤测量与传感技术
    
 
作者: 孙圣和 编著
分册:  
出版信息: 哈尔滨   哈尔滨工业大学出版社  2000
页数: 275页
开本: 26cm
丛书名:
单 册:
中图分类: TN929.11 , TP212.14
科图分类:
主题词: 光纤通信--测量--教材 , 光纤通信 , 测量 , 光纤器件--光电传感器--教材 , 光电传感器 , 光纤器件
电子资源:
ISBN: 7-5603-1444-9
000 01257nam0 2200409 450
000 01220nam0 2200397 450
000 01183nam0 2200385 450
000 01146nam0 2200373 450
000 01166nam0 2200397 450
000 01112nam0 2200373 450
000 01041nam0 2200349 450
000 01004nam0 2200337 450
000 00966nam0 2200325 450
001 002347095
005 20070729100452.39
010    @a7-5603-1444-9@dCNY20.00
100    @a20010328d2000 em y0chiy0110 ea
101 0  @achi
102    @aCN@b230000
105    @ay z 000yy
200 1  @a光纤测量与传感技术@9guang xian ce liang yu chuan gan ji shu@f孙圣和等编著
210    @a哈尔滨@c哈尔滨工业大学出版社@d2000
215    @a275页@d26cm
300    @a电子与通信工程系列教材
330    @a本书介绍了光纤的基本原理,光纤系统转换器和元件连接,光纤衰减和色散测量,光纤传感器基本原理、应用等内容。
606 0  @a光纤通信@x测量@j教材
606 0  @a光纤通信
606 0  @a测量
606 0  @a光纤器件@x光电传感器@j教材
606 0  @a光电传感器
606 0  @a光纤器件
690    @aTN929.11@v4
690    @aTP212.14@v4
701  0 @a孙圣和@9sun sheng he@4编著
801  0 @aCN@bTSSF@c20070729
905    @a10447@dTN929.11@e106
    
    光纤测量与传感技术/孙圣和等编著.-哈尔滨:哈尔滨工业大学出版社,2000
    275页;26cm
    电子与通信工程系列教材
    
    ISBN 7-5603-1444-9:CNY20.00
    本书介绍了光纤的基本原理,光纤系统转换器和元件连接,光纤衰减和色散测量,光纤传感器基本原理、应用等内容。
●
相关链接 在E读中查询图书 在五车中查询图书 在当当中查询图书 在豆瓣中查询图书


正题名:光纤测量与传感技术     索取号:TN929.11/106         预约/预借

序号 登录号 条形码 馆藏地/架位号 状态 备注
1 0784940   207849408   第三借阅区/ [索取号:TN929.11/106] 在馆    
2 0785222   207852224   第二样本阅览室/ [索取号:TN929.11/106] 在馆    
3 0785223   207852233   第三借阅区/ [索取号:TN929.11/106] 在馆    
4 0785224   207852242   第三借阅区/ [索取号:TN929.11/106] 在馆    
5 0785225   207852251   第三借阅区/ [索取号:TN929.11/106] 在馆    
唐山师范学院图书馆 欢迎您!
大连网信软件有限公司© 版权所有